Logo CIB grande

BIBLIOTECA DE CONTABILIDAD FINANCIERA (TOMO II) (Registro nro. 220921)

Detalles MARC
000 -LEADER
campo de control de longitud fija 00734nam a2200277Ia 4500
005 - FECHA Y HORA DE LA ÚLTIMA TRANSACCIÓN
campo de control 20250425162028.0
008 - DATOS DE LONGITUD FIJA--INFORMACIÓN GENERAL
campo de control de longitud fija 250425s9999 xx 000 0 und d
020 ## - NÚMERO INTERNACIONAL ESTÁNDAR DEL LIBRO
Número Internacional Estándar del Libro 9688806404
041 ## - CÓDIGO DE IDIOMA
Código de lengua del texto/banda sonora o título independiente spa
043 ## - CÓDIGO DE ÁREA GEOGRÁFICA
Código de área geográfica mx
082 ## - NÚMERO DE LA CLASIFICACIÓN DECIMAL DEWEY
Número de clasificación 657.48
010 ## - NÚMERO DE CONTROL DE LA BIBLIOTECA DEL CONGRESO
Número de control de LC 41291
100 ## - ENTRADA PRINCIPAL--NOMBRE DE PERSONA
Nombre de persona HORNGREN, CHARLES T.
245 #0 - MENCIÓN DEL TÍTULO
Título BIBLIOTECA DE CONTABILIDAD FINANCIERA (TOMO II)
250 ## - MENCION DE EDICION
Mención de edición 5A ED.
260 ## - PUBLICACIÓN, DISTRIBUCIÓN, ETC.
Lugar de publicación, distribución, etc. MEXICO
260 ## - PUBLICACIÓN, DISTRIBUCIÓN, ETC.
Lugar de publicación, distribución, etc. México
Nombre del editor, distribuidor, etc. PRENTICE-HALL HISPANOAMERICANA
Fecha de publicación, distribución, etc. 1996
300 ## - DESCRIPCIÓN FÍSICA
Extensión 600
650 ## - PUNTO DE ACCESO ADICIONAL DE MATERIA--TÉRMINO DE MATERIA
Término de materia o nombre geográfico como elemento de entrada CONTABILIDAD FINANCIERA
650 ## - PUNTO DE ACCESO ADICIONAL DE MATERIA--TÉRMINO DE MATERIA
Término de materia o nombre geográfico como elemento de entrada ESTADOS FINANCIEROS
650 ## - PUNTO DE ACCESO ADICIONAL DE MATERIA--TÉRMINO DE MATERIA
Término de materia o nombre geográfico como elemento de entrada FLUJOS DE EFECTIVO
700 ## - ENTRADA AGREGADA--NOMBRE PERSONAL
Nombre de persona CLAUDIA JOSEPHINE REYNAUD CESARIO
Término indicativo de función/relación traductor
700 ## - ENTRADA AGREGADA--NOMBRE PERSONAL
Nombre de persona ELLIOT, JOHN A.
700 ## - ENTRADA AGREGADA--NOMBRE PERSONAL
Nombre de persona SUNDEM, GARY L.
942 ## - ELEMENTOS DE ENTRADA SECUNDARIOS (KOHA)
Tipo de ítem Koha Libros
Existencias
Estatus retirado Estado de pérdida Estado de daño No para préstamo Biblioteca de origen Biblioteca actual Ubicación en estantería Fecha de adquisición Coste, precio normal de compra Etiqueta RFID Total de préstamos Código de barras Copia número Tipo de ítem Koha
        CENTRO DE INFORMACIÓN BIBLIOTECARIA CENTRO DE INFORMACIÓN BIBLIOTECARIA   10/01/2002 5.00 0000000000000000008285   D-18151 1 Libros

Copyright 2025 ESPOL. Todos los derechos reservados.